Lady Gaga - Chromatica (Pistes) - Statistiques

Statistiques générales
  • Ce quiz a été pris 12 fois
  • Le résultat moyen est 11 sur 16
Statistiques - réponses
Hint Réponse % Correct
2 Alice
100%
16 Babylon
100%
15 1000 Doves
88%
8 911
88%
1 Chromatica I
88%
7 Chromatica II
88%
13 Chromatica III
88%
3 Stupid Love
88%
12 Replay
75%
6 Fun Tonight
63%
9 Plastic Doll
63%
11 Enigma
50%
4 Rain On Me (feat. Ariana Grande)
50%
10 Sour Candy (feat. BLACKPINK)
50%
5 Free Woman
38%
14 Sin From Above (feat. Elton John)
0%
Aucun quiz correspondant
Distribution des résultats
% des personnes avec chaque résultat
Percentile par nombre de réponses
Votre historique - résultats
Vous n’avez pas pris ce quiz